[Event "3. Copenhagen Open Politiken Cup"]
[Site "Brndby"]
[Date "1981.??.??"]
[Round "8"]
[White "Nikolaiczuk, Lothar"]
[Black "Kristiansen, Tor"]
[Result "1-0"]
[WhiteElo "2280"]
[BlackElo "2250"]
[PlyCount "67"]
[EventDate "1981.??.??"]
[EventType "swiss"]
[EventRounds "10"]
[EventCountry "DEN"]
[SourceDate "2004.01.01"]

1. e4 e5 2. Nf3 Nf6 3. Nxe5 d6 4. Nf3 Nxe4 5. d4 d5 6. Bd3 Be7 7. O-O Nc6 8.
Re1 Bg4 9. c3 f5 10. Qb3 O-O 11. Nbd2 Kh8 12. Qxb7 Rf6 13. Qb3 Rg6 14. Qc2 Bd6
15. Bf1 Nxd2 16. Nxd2 Qh4 17. g3 Qh5 18. f3 Bh3 19. Bg2 Bxg3 20. hxg3 Rxg3 21.
Re2 Re8 22. Nf1 Rxg2+ 23. Rxg2 Qxf3 24. Qf2 Bxg2 25. Qxg2 Qh5 26. Bf4 g5 27.
Bxg5 Re6 28. Bf4 Rg6 29. Ng3 Qg4 30. Rf1 h5 31. Kh1 h4 32. Qh2 Kg8 33. Ne2 h3
34. Qg3 1-0

[Event "3. Copenhagen Open Politiken Cup"]
[Site "Brndby"]
[Date "1981.??.??"]
[Round "8"]
[White "Petursson, Margeir"]
[Black "Akesson, Ralf"]
[Result "1-0"]
[WhiteElo "2445"]
[BlackElo "2305"]
[PlyCount "79"]
[EventDate "1981.??.??"]
[EventType "swiss"]
[EventRounds "10"]
[EventCountry "DEN"]
[SourceDate "2004.01.01"]

1. d4 f5 2. g3 Nf6 3. Bg2 g6 4. c4 Bg7 5. Nc3 O-O 6. Nf3 d6 7. O-O c6 8. d5 Bd7
9. Be3 Na6 10. Rc1 Qa5 11. Nd4 Rfc8 12. Nb3 Qd8 13. c5 Ng4 14. Bd4 Bh6 15. e3
e5 16. dxe6 Bxe6 17. h3 Ne5 18. Na4 Bf7 19. cxd6 Qxd6 20. Nac5 Nxc5 21. Nxc5 b6
22. Nb7 Qe7 23. Bxe5 Qxb7 24. Qd6 Be8 25. Rc3 Qf7 26. Bxc6 Bf8 27. Bxe8 Rxe8
28. Qf6 Rxe5 29. Qxe5 Bg7 30. Qc7 Bxc3 31. Qxc3 Qxa2 32. b3 Rd8 33. Qc7 Rf8 34.
Qc4+ Kg7 35. Qc3+ Kh6 36. Rd1 Qa5 37. Qc7 Qb4 38. Rd7 Rh8 39. Rd4 Qe1+ 40. Kg2
1-0

[Event "3. Copenhagen Open Politiken Cup"]
[Site "Brndby"]
[Date "1981.??.??"]
[Round "8"]
[White "Radulov, Ivan"]
[Black "Kovacs, Laszlo"]
[Result "1/2-1/2"]
[WhiteElo "2460"]
[BlackElo "2315"]
[PlyCount "66"]
[EventDate "1981.??.??"]
[EventType "swiss"]
[EventRounds "10"]
[EventCountry "DEN"]
[SourceDate "2004.01.01"]

1. e4 e5 2. Nf3 Nc6 3. Bc4 Nf6 4. d3 Be7 5. c3 O-O 6. O-O d6 7. Re1 Na5 8. Bb5
a6 9. Ba4 b5 10. Bc2 c5 11. Nbd2 Re8 12. Nf1 Bf8 13. d4 cxd4 14. cxd4 Nc6 15.
d5 Nb4 16. Bb1 a5 17. a3 Na6 18. b4 Bd7 19. Bd2 a4 20. Bd3 g6 21. Ng3 Bg7 22.
h3 Rc8 23. Be3 Rf8 24. Qe2 Rb8 25. Rac1 Nc7 26. Qd2 Nfe8 27. Rc2 Rb7 28. Rec1
Qe7 29. Bh6 f5 30. Bg5 Bf6 31. Bh6 Bg7 32. Bg5 Bf6 33. Bh6 Bg7 1/2-1/2

[Event "3. Copenhagen Open Politiken Cup"]
[Site "Brndby"]
[Date "1981.??.??"]
[Round "8"]
[White "Rosenlund, Thorbjorn"]
[Black "Pedersen, Jens Otto"]
[Result "0-1"]
[WhiteElo "2305"]
[BlackElo "2230"]
[PlyCount "58"]
[EventDate "1981.??.??"]
[EventType "swiss"]
[EventRounds "10"]
[EventCountry "DEN"]
[SourceDate "2004.01.01"]

1. d4 d5 2. Nf3 Bf5 3. c4 e6 4. cxd5 exd5 5. Qb3 Nc6 6. Bg5 Be7 7. Qxb7 Nb4 8.
Na3 Nf6 9. Qb5+ Bd7 10. Qa5 Qb8 11. Nd2 Nc6 12. Qb5 Nxd4 13. Qxb8+ Rxb8 14.
O-O-O c5 15. e3 Ne6 16. Bh4 O-O 17. Nab1 Rb4 18. Bg3 Rc8 19. Be2 c4 20. Nf3 Nc5
21. Nc3 Bf5 22. Nd4 Bd3 23. Bf3 Bg6 24. Be2 Nd3+ 25. Bxd3 cxd3 26. f3 d2+ 27.
Kxd2 Rxb2+ 28. Kc1 Rxa2 29. Ndb5 Rc2+ 0-1

[Event "3. Copenhagen Open Politiken Cup"]
[Site "Brndby"]
[Date "1981.??.??"]
[Round "8"]
[White "Scheeren, Peter"]
[Black "Krahenbuhl, Gerhard"]
[Result "1-0"]
[WhiteElo "2415"]
[BlackElo "2305"]
[PlyCount "81"]
[EventDate "1981.??.??"]
[EventType "swiss"]
[EventRounds "10"]
[EventCountry "DEN"]
[SourceDate "2004.01.01"]

1. d4 g6 2. e4 Bg7 3. Nf3 d6 4. Bc4 c6 5. Bb3 Nf6 6. Qe2 Bg4 7. Nbd2 O-O 8. O-O
e5 9. dxe5 dxe5 10. h3 Bxf3 11. Nxf3 Qe7 12. a4 Na6 13. c3 Nc5 14. Bc2 a5 15.
Rd1 Rfd8 16. Rxd8+ Rxd8 17. Be3 Nfd7 18. Rd1 Bf6 19. Qc4 Rb8 20. b4 axb4 21.
cxb4 Ne6 22. Bb3 c5 23. Qb5 Nd4 24. Nxd4 exd4 25. Bf4 Re8 26. bxc5 Ne5 27. Bd5
Rc8 28. Rc1 Rc7 29. Bd2 g5 30. a5 g4 31. hxg4 Nxg4 32. Qe2 h5 33. Qf3 Rxc5 34.
Rb1 Qc7 35. g3 Qd7 36. Rxb7 Rc7 37. a6 Rxb7 38. axb7 Qc7 39. Bf4 Be5 40. Bxe5
Nxe5 41. Qf5 1-0

[Event "3. Copenhagen Open Politiken Cup"]
[Site "Brndby"]
[Date "1981.??.??"]
[Round "8"]
[White "Spassov, Liuben"]
[Black "Sorensen, Bent"]
[Result "1/2-1/2"]
[WhiteElo "2460"]
[BlackElo "2285"]
[PlyCount "101"]
[EventDate "1981.??.??"]
[EventType "swiss"]
[EventRounds "10"]
[EventCountry "DEN"]
[SourceDate "2004.01.01"]

1. Nf3 Nf6 2. c4 e6 3. Nc3 d5 4. d4 c6 5. Bg5 dxc4 6. e4 b5 7. e5 h6 8. Bh4 g5
9. Nxg5 hxg5 10. Bxg5 Nbd7 11. exf6 Bb7 12. g3 c5 13. d5 Qb6 14. Bg2 O-O-O 15.
O-O b4 16. Na4 Qb5 17. Re1 Nb8 18. b3 Bxd5 19. Bxd5 Rxd5 20. Qg4 cxb3 21. axb3
Qd3 22. Nb2 Qh7 23. h4 Nc6 24. Red1 Nd4 25. Rd3 Kb7 26. Be3 Rg8 27. Qd1 Qxh4
28. Bxd4 cxd4 29. Qf3 Qg4 30. Qg2 Bc5 31. Nc4 Kb8 32. Re1 Qf5 33. Qe4 Qxf6 34.
Rf3 Qe7 35. Qxd5 exd5 36. Rxe7 Bxe7 37. Ne5 Rc8 38. Kf1 f6 39. Ng6 Bd8 40. Nf4
Rc3 41. Ke2 Rc2+ 42. Kd3 Rc3+ 43. Ke2 Rxf3 44. Kxf3 a5 45. Ke2 Kb7 46. Kd3 Kc6
47. Ne6 Bb6 48. g4 Kb5 49. Nf4 a4 50. bxa4+ Kxa4 51. Nxd5 1/2-1/2

[Event "3. Copenhagen Open Politiken Cup"]
[Site "Brndby"]
[Date "1981.??.??"]
[Round "8"]
[White "Taulbut, Shaun M"]
[Black "Brinck Claussen, Bjorn"]
[Result "1/2-1/2"]
[WhiteElo "2380"]
[BlackElo "2375"]
[PlyCount "34"]
[EventDate "1981.??.??"]
[EventType "swiss"]
[EventRounds "10"]
[EventCountry "DEN"]
[SourceDate "2004.01.01"]

1. Nf3 Nf6 2. d4 d5 3. Bg5 c6 4. Nbd2 Ne4 5. Bf4 Bf5 6. e3 e6 7. Bd3 Be7 8. Ne5
f6 9. Nef3 Qa5 10. Bxb8 Rxb8 11. O-O Nxd2 12. Nxd2 Bxd3 13. cxd3 O-O 14. Nb3
Qc7 15. Rc1 Bd6 16. g3 f5 17. f4 Kh8 1/2-1/2

[Event "3. Copenhagen Open Politiken Cup"]
[Site "Brndby"]
[Date "1981.??.??"]
[Round "8"]
[White "Toth, Peter"]
[Black "From, Sigfred"]
[Result "1-0"]
[WhiteElo "2270"]
[BlackElo "2225"]
[PlyCount "93"]
[EventDate "1981.??.??"]
[EventType "swiss"]
[EventRounds "10"]
[EventCountry "DEN"]
[SourceDate "2004.01.01"]

1. Nf3 Nf6 2. c4 g6 3. Nc3 Bg7 4. d4 d6 5. h3 O-O 6. e4 e5 7. d5 Nbd7 8. g4 Nc5
9. Qc2 a5 10. Rg1 c6 11. Be3 cxd5 12. cxd5 b6 13. Nd2 Ba6 14. Rc1 Rc8 15. Bxc5
Bxf1 16. Bxb6 Qxb6 17. Nxf1 Rc7 18. Ne3 Rfc8 19. Ke2 a4 20. Qxa4 Qxb2+ 21. Rc2
Qb8 22. Rb1 Rb7 23. Rxb7 Qxb7 24. Nc4 Bf8 25. f3 Nd7 26. Nb5 Ra8 27. Qb4 Nc5
28. Rb2 Ra4 29. Qc3 Qa6 30. a3 f5 31. exf5 gxf5 32. gxf5 Qb7 33. Ne3 Rh4 34.
Qe1 Rxh3 35. Qg1+ Kh8 36. Rb4 Qf7 37. Rg4 e4 38. fxe4 Bh6 39. Qa1+ Bg7 40. Nxd6
Qa7 41. Qxg7+ Qxg7 42. Rxg7 Kxg7 43. e5 Nd7 44. Ndc4 h5 45. d6 Nc5 46. e6 Kf6
47. Nd5+ 1-0

[Event "3. Copenhagen Open Politiken Cup"]
[Site "Brndby"]
[Date "1981.??.??"]
[Round "8"]
[White "Velikov, Petar"]
[Black "Schneider, Lars Ake"]
[Result "1/2-1/2"]
[WhiteElo "2445"]
[BlackElo "2410"]
[PlyCount "27"]
[EventDate "1981.??.??"]
[EventType "swiss"]
[EventRounds "10"]
[EventCountry "DEN"]
[SourceDate "2004.01.01"]

1. e4 c5 2. c3 d5 3. exd5 Qxd5 4. d4 e6 5. Nf3 Nc6 6. Be3 Nf6 7. c4 Qd7 8. Nc3
cxd4 9. Nxd4 Bb4 10. Ndb5 O-O 11. a3 Be7 12. Qxd7 Bxd7 13. O-O-O Rfc8 14. b3
1/2-1/2

[Event "3. Copenhagen Open Politiken Cup"]
[Site "Brndby"]
[Date "1981.??.??"]
[Round "8"]
[White "Wedberg, Tom"]
[Black "Roos, Louis"]
[Result "1-0"]
[WhiteElo "2420"]
[BlackElo "2375"]
[PlyCount "67"]
[EventDate "1981.??.??"]
[EventType "swiss"]
[EventRounds "10"]
[EventCountry "DEN"]
[SourceDate "2004.01.01"]

1. e4 e6 2. d4 d5 3. Nc3 Bb4 4. e5 c5 5. a3 Bxc3+ 6. bxc3 Ne7 7. Nf3 Bd7 8. a4
Qa5 9. Bd2 Nbc6 10. Be2 f6 11. Rb1 Qc7 12. Bf4 Ng6 13. Bg3 f5 14. h4 cxd4 15.
cxd4 Na5 16. h5 Ne7 17. h6 g6 18. Bh4 Bxa4 19. Bf6 O-O 20. Qd2 Nac6 21. Rh3
Rab8 22. Nh4 Rf7 23. Rg3 b5 24. Bh5 b4 25. Qg5 Kf8 26. Nxg6+ hxg6 27. Bxg6 Nxg6
28. Qxg6 Ne7 29. Bxe7+ Kxe7 30. Qxf7+ Kxf7 31. Rg7+ Kf8 32. Rxc7 Kg8 33. Kd2 a6
34. Rh1 1-0

[Event "3. Copenhagen Open Politiken Cup"]
[Site "Brndby"]
[Date "1981.??.??"]
[Round "9"]
[White "Bjarnason, Saevar"]
[Black "Wicker, Kevin J"]
[Result "1-0"]
[WhiteElo "2245"]
[BlackElo "2305"]
[PlyCount "77"]
[EventDate "1981.??.??"]
[EventType "swiss"]
[EventRounds "10"]
[EventCountry "DEN"]
[SourceDate "2004.01.01"]

1. g3 Nf6 2. Bg2 g6 3. b3 Bg7 4. Bb2 O-O 5. Nf3 d6 6. d4 Na6 7. c4 c5 8. O-O
Rb8 9. Nc3 Bd7 10. Qd2 Bc6 11. d5 Be8 12. e4 Nc7 13. e5 dxe5 14. Nxe5 Nfxd5 15.
Nxd5 e6 16. Rad1 exd5 17. cxd5 f6 18. Nc4 b6 19. Rfe1 Bf7 20. f4 b5 21. Na5 Qd6
22. Nc6 Rbe8 23. Nxa7 Rxe1+ 24. Qxe1 Qa6 25. Nc6 Qxa2 26. Qc3 b4 27. Qc2 c4 28.
bxc4 Re8 29. Ra1 Qxa1+ 30. Bxa1 Re1+ 31. Kf2 Rxa1 32. d6 Ne6 33. d7 Bf8 34. Bd5
Bc5+ 35. Ke2 Ra8 36. Bxe6 Bxe6 37. d8=Q+ Rxd8 38. Nxd8 Bg4+ 39. Ke1 1-0

[Event "3. Copenhagen Open Politiken Cup"]
[Site "Brndby"]
[Date "1981.??.??"]
[Round "9"]
[White "Brinck Claussen, Bjorn"]
[Black "Schneider, Lars Ake"]
[Result "1/2-1/2"]
[WhiteElo "2375"]
[BlackElo "2410"]
[PlyCount "31"]
[EventDate "1981.??.??"]
[EventType "swiss"]
[EventRounds "10"]
[EventCountry "DEN"]
[SourceDate "2004.01.01"]

1. d4 Nf6 2. c4 e6 3. Nf3 b6 4. g3 Ba6 5. Qa4 c5 6. Bg2 Bb7 7. O-O cxd4 8. Nxd4
Bxg2 9. Kxg2 Qc7 10. Nc3 Be7 11. Rd1 O-O 12. Bf4 Qb7+ 13. f3 a6 14. Rd2 Rc8 15.
Rad1 Nh5 16. Bxb8 1/2-1/2

[Event "3. Copenhagen Open Politiken Cup"]
[Site "Brndby"]
[Date "1981.??.??"]
[Round "9"]
[White "Farias, Sergio"]
[Black "Carlsson, Gerner"]
[Result "0-1"]
[WhiteElo "2240"]
[BlackElo "2205"]
[PlyCount "80"]
[EventDate "1981.??.??"]
[EventType "swiss"]
[EventRounds "10"]
[EventCountry "DEN"]
[SourceDate "2004.01.01"]

1. d4 Nf6 2. Nf3 g6 3. Bf4 Bg7 4. e3 d6 5. h3 O-O 6. Be2 c5 7. c3 Qb6 8. Qb3
Nc6 9. O-O Be6 10. Qxb6 axb6 11. a3 Rfe8 12. Nbd2 Na5 13. e4 Nb3 14. Nxb3 Bxb3
15. Nd2 Bc2 16. Bb5 Red8 17. Rfe1 e5 18. dxe5 dxe5 19. Bg5 h6 20. Bxf6 Rxd2 21.
Bxg7 Kxg7 22. f3 Bb3 23. Re2 Rad8 24. Kf2 Kf6 25. Ke3 R2d6 26. h4 c4 27. Ree1
g5 28. hxg5+ Kxg5 29. g3 Rd3+ 30. Kf2 h5 31. a4 h4 32. gxh4+ Kf4 33. a5 Rxf3+
34. Ke2 Re3+ 35. Kf2 Rd2+ 36. Kg1 Rg3+ 37. Kh1 Rh3+ 38. Kg1 Rhh2 39. axb6 Rdg2+
40. Kf1 Kf3 0-1

[Event "3. Copenhagen Open Politiken Cup"]
[Site "Brndby"]
[Date "1981.??.??"]
[Round "9"]
[White "From, Sigfred"]
[Black "Rosenlund, Thorbjorn"]
[Result "1-0"]
[WhiteElo "2225"]
[BlackElo "2305"]
[PlyCount "85"]
[EventDate "1981.??.??"]
[EventType "swiss"]
[EventRounds "10"]
[EventCountry "DEN"]
[SourceDate "2004.01.01"]

1. d4 Nf6 2. Nc3 d5 3. Bg5 c6 4. e3 Bf5 5. Bd3 e6 6. Bxf5 exf5 7. Qf3 h6 8.
Bxf6 Qxf6 9. Nge2 h5 10. Nf4 g6 11. a3 Bd6 12. Nd3 Nd7 13. O-O O-O-O 14. b4 Qe7
15. Qe2 Nf6 16. f3 Rde8 17. Rae1 Ng4 18. fxg4 Bxh2+ 19. Kxh2 hxg4+ 20. Kg1 Rh1+
21. Kxh1 Qh4+ 22. Kg1 g3 23. Qh5 Qxh5 24. Rf4 Rh8 25. Kf1 Qh1+ 26. Ke2 Qxg2+
27. Kd1 Rh2 28. Ne2 Rh1 29. Kd2 Rxe1 30. Nxe1 Qh2 31. Nf3 Qh1 32. Nxg3 Qa1 33.
Ne5 Qxa3 34. Nd3 b6 35. Rh4 Kd7 36. Rh7 Ke7 37. Ne2 g5 38. Nc3 Ke6 39. Ne5 Qxb4
40. Rxf7 c5 41. Nc6 Qa3 42. Nd8+ Kd6 43. Nb5# 1-0

[Event "3. Copenhagen Open Politiken Cup"]
[Site "Brndby"]
[Date "1981.??.??"]
[Round "9"]
[White "Fuglsang, Flemming"]
[Black "Nikolaiczuk, Lothar"]
[Result "0-1"]
[WhiteElo "2200"]
[BlackElo "2280"]
[PlyCount "102"]
[EventDate "1981.??.??"]
[EventType "swiss"]
[EventRounds "10"]
[EventCountry "DEN"]
[SourceDate "2004.01.01"]

1. e4 e5 2. Nf3 Nc6 3. d4 exd4 4. Nxd4 Bc5 5. Nxc6 Qf6 6. f4 bxc6 7. Qf3 d6 8.
Nc3 Qe7 9. Be3 Bxe3 10. Qxe3 Nf6 11. Bd3 O-O 12. O-O Nd7 13. Rae1 f6 14. Bc4+
Kh8 15. Qg3 d5 16. Bb3 d4 17. Nb1 Ba6 18. Rf3 c5 19. Bd5 Rab8 20. b3 Nb6 21.
Nd2 Nxd5 22. exd5 Qd7 23. c4 dxc3 24. Rxc3 Qxd5 25. Re7 Rg8 26. Nf3 Rbe8 27.
Rce3 Rxe7 28. Rxe7 Qd1+ 29. Qe1 Qxe1+ 30. Nxe1 Rc8 31. Nc2 Kg8 32. Ne3 Kf8 33.
Rd7 Bb7 34. Nf5 Bc6 35. Re7 Bb5 36. Re3 Rd8 37. a4 Bd3 38. Ne7 Rb8 39. Nd5 Rxb3
40. Nxc7 Bc4 41. Re4 Rb7 42. Re8+ Kf7 43. Rc8 Ke7 44. Ne8 Be6 45. Ra8 g6 46. a5
Bd7 47. Ng7 Kf7 48. a6 Rc7 49. Rb8 Bc6 50. Ne8 Bxe8 51. Rb7 Rd7 0-1

[Event "3. Copenhagen Open Politiken Cup"]
[Site "Brndby"]
[Date "1981.??.??"]
[Round "9"]
[White "Hartung Nielsen, Jens"]
[Black "Bednarski, Jacek"]
[Result "0-1"]
[WhiteElo "2220"]
[BlackElo "2380"]
[PlyCount "83"]
[EventDate "1981.??.??"]
[EventType "swiss"]
[EventRounds "10"]
[EventCountry "DEN"]
[SourceDate "2004.01.01"]

1. d4 e6 2. Nf3 Nf6 3. c4 b6 4. a3 Ba6 5. e3 d5 6. b3 Bd6 7. Nbd2 O-O 8. Bb2 c5
9. Bd3 Nbd7 10. O-O Rc8 11. Qe2 cxd4 12. exd4 Bf4 13. b4 dxc4 14. Nxc4 Qc7 15.
Ne3 Bxd3 16. Qxd3 Bxe3 17. Qxe3 Nd5 18. Qg5 Qc2 19. Rab1 h6 20. Qg3 N7f6 21. h3
Ne4 22. Qh4 Nd2 23. Nxd2 Qxd2 24. Bc1 Qd3 25. Ra1 Rc4 26. Bb2 Qe2 27. Rac1 Rxc1
28. Bxc1 Rc8 29. Qg3 Kh7 30. Qe5 Qxe5 31. dxe5 b5 32. Re1 a6 33. Kf1 Rc2 34.
Rd1 g5 35. g3 Kg6 36. Kg2 h5 37. Kf3 Kf5 38. Re1 g4+ 39. hxg4+ hxg4+ 40. Kg2
Ra2 41. Kf1 Ne7 42. Rd1 0-1

[Event "3. Copenhagen Open Politiken Cup"]
[Site "Brndby"]
[Date "1981.??.??"]
[Round "9"]
[White "Jahr, Ulrich"]
[Black "Bjerring, Kai"]
[Result "1-0"]
[WhiteElo "2230"]
[BlackElo "2325"]
[PlyCount "74"]
[EventDate "1981.??.??"]
[EventType "swiss"]
[EventRounds "10"]
[EventCountry "DEN"]
[SourceDate "2004.01.01"]

1. e4 c5 2. Nf3 d6 3. d4 cxd4 4. Nxd4 Nf6 5. Nc3 g6 6. Be3 Bg7 7. f3 Nc6 8. Qd2
O-O 9. Bc4 Bd7 10. h4 Rc8 11. Bb3 Ne5 12. h5 Nxh5 13. O-O-O Nc4 14. Bxc4 Rxc4
15. Nde2 Qa5 16. g4 Nf6 17. Bh6 Bh8 18. Bxf8 Kxf8 19. Kb1 Bg7 20. Nd5 Qxd2 21.
Rxd2 Nxd5 22. Rxd5 Kg8 23. b3 Rc7 24. c4 Be6 25. Rd2 a6 26. Nf4 b6 27. Nd5 Rb7
28. Rdh2 h6 29. Nb4 Bd7 30. Nxa6 b5 31. cxb5 Bxb5 32. Nb4 e6 33. Rd1 Be5 34.
Rc2 h5 35. gxh5 gxh5 36. Rh1 Ba4 37. Nd3 Bxb3 1-0

[Event "3. Copenhagen Open Politiken Cup"]
[Site "Brndby"]
[Date "1981.??.??"]
[Round "9"]
[White "Jansa, Vlastimil"]
[Black "Jakobsen, Ole"]
[Result "1-0"]
[WhiteElo "2460"]
[BlackElo "2415"]
[PlyCount "143"]
[EventDate "1981.??.??"]
[EventType "swiss"]
[EventRounds "10"]
[EventCountry "DEN"]
[SourceDate "2004.01.01"]

1. e4 c5 2. Nf3 d6 3. d4 cxd4 4. Nxd4 Nf6 5. Nc3 g6 6. g3 Bg7 7. Bg2 O-O 8. O-O
Bg4 9. Qd3 Nbd7 10. h3 Nc5 11. Qe3 Bd7 12. f4 e5 13. Nb3 exf4 14. Qxf4 Nxb3 15.
axb3 Bc6 16. Qf2 a6 17. Bg5 Ng4 18. Qd2 f6 19. Bf4 Ne5 20. Rad1 g5 21. Be3 Nf7
22. Nd5 Rc8 23. Rf2 b5 24. Rdf1 Bxd5 25. Qxd5 Kh8 26. Rd1 Qe7 27. c3 Rfd8 28.
Bb6 Re8 29. Bf3 Ne5 30. Bh5 Rf8 31. Bd4 Rcd8 32. Kg2 Qc7 33. Rdf1 Qe7 34. b4
Qc7 35. b3 Ra8 36. Kh2 Qe7 37. Kg2 Rfc8 38. Kh2 Qd8 39. Rf5 a5 40. bxa5 Rxa5
41. b4 Ra3 42. Qxb5 Nc6 43. Bxf6 Bxf6 44. Rxf6 Rxc3 45. Qd5 Rc2+ 46. Kh1 Rc1
47. Rxc1 Qxf6 48. Bg4 Ne7 49. Rxc8+ Nxc8 50. Qf5 Qxf5 51. Bxf5 Nb6 52. Kg2 Kg7
53. Kf3 h6 54. Ke3 Kf6 55. Kd4 Ke7 56. Bg4 Kf6 57. b5 Ke7 58. e5 Na4 59. Kd5
dxe5 60. Kxe5 Nb6 61. Be2 Na4 62. Bf3 Nb6 63. Bg4 Na4 64. Kd5 Kf6 65. Kc6 Ke5
66. b6 Nxb6 67. Kxb6 Ke4 68. Kc5 Ke3 69. Bh5 Kf2 70. g4 Kg3 71. Kd5 Kxh3 72.
Ke5 1-0

[Event "3. Copenhagen Open Politiken Cup"]
[Site "Brndby"]
[Date "1981.??.??"]
[Round "9"]
[White "Jensen, Allan Astrup"]
[Black "Plaskett, Jim"]
[Result "0-1"]
[WhiteElo "2225"]
[BlackElo "2405"]
[PlyCount "134"]
[EventDate "1981.??.??"]
[EventType "swiss"]
[EventRounds "10"]
[EventCountry "DEN"]
[SourceDate "2004.01.01"]

1. e4 c5 2. Nc3 Nc6 3. f4 e6 4. Nf3 Nge7 5. g3 g6 6. Bg2 Bg7 7. O-O O-O 8. d3
d5 9. Qe1 f5 10. e5 a6 11. Na4 b6 12. c3 Bd7 13. Qd1 Rc8 14. Be3 d4 15. Bf2
dxc3 16. bxc3 Na5 17. c4 h6 18. Rb1 Rb8 19. Nc3 Qc7 20. Qe2 b5 21. cxb5 axb5
22. Rfc1 Rfc8 23. a4 bxa4 24. Rxb8 Rxb8 25. Qa2 Rb4 26. Ne1 Nb3 27. Rb1 Qa5 28.
Nc2 Rb8 29. Be1 Qa6 30. d4 cxd4 31. Nxd4 Qc4 32. Nce2 Qd3 33. Bf2 Bf8 34. Bf1
Nd5 35. Nc1 Qe4 36. Bg2 Nc3 37. Bxe4 Nxa2 38. Nxa2 fxe4 39. Nc3 Rb4 40. Nxe4
Nxd4 41. Rxb4 Nf3+ 42. Kg2 Bxb4 43. Kxf3 Bc6 44. Bd4 g5 45. Ke3 gxf4+ 46. gxf4
Kf7 47. Ng3 Kg6 48. h4 h5 49. f5+ exf5 50. Ne2 Be7 51. Nf4+ Kh6 52. Ne2 Bxh4
53. Kf4 Bd7 54. e6 Bxe6 55. Ke5 Bc8 56. Bc5 Bg5 57. Nc3 Bd7 58. Nd5 Kg6 59.
Nf4+ Bxf4+ 60. Kxf4 h4 61. Be7 Kh5 62. Bd6 h3 63. Kf3 Bc6+ 64. Kg3 Bg2 65. Ba3
f4+ 66. Kf2 Kg4 67. Bd6 Bd5 0-1

[Event "3. Copenhagen Open Politiken Cup"]
[Site "Brndby"]
[Date "1981.??.??"]
[Round "9"]
[White "Kovacs, Laszlo"]
[Black "Karlsson, Lars"]
[Result "0-1"]
[WhiteElo "2315"]
[BlackElo "2465"]
[PlyCount "114"]
[EventDate "1981.??.??"]
[EventType "swiss"]
[EventRounds "10"]
[EventCountry "DEN"]
[SourceDate "2004.01.01"]

1. e4 c5 2. Nf3 Nc6 3. c3 d5 4. exd5 Qxd5 5. d4 Nf6 6. Be2 e6 7. O-O Be7 8. Na3
O-O 9. Nb5 Qd7 10. dxc5 Bxc5 11. Bf4 Nd5 12. Bg3 a6 13. Nbd4 Nxd4 14. Nxd4 Bd6
15. Bf3 Bxg3 16. hxg3 Rd8 17. Re1 Qc7 18. Qe2 Qb6 19. Rad1 Nf6 20. Rd2 Bd7 21.
Red1 Qc7 22. g4 h6 23. Qe3 e5 24. Nf5 Bxf5 25. gxf5 Rxd2 26. Rxd2 Re8 27. Be4
b5 28. f3 a5 29. a3 Rb8 30. Kh2 b4 31. cxb4 axb4 32. axb4 Rxb4 33. Qc3 Qxc3 34.
Rd8+ Kh7 35. bxc3 Rc4 36. Bb1 Rxc3 37. Ba2 g6 38. Rf8 gxf5 39. Rxf7+ Kg6 40.
Re7 e4 41. Bf7+ Kg5 42. Kg3 exf3 43. gxf3 Ne4+ 44. Kg2 Rc2+ 45. Kg1 Ng3 46. Ra7
Kf4 47. Ra2 Rxa2 48. Bxa2 Kxf3 49. Bd5+ Ne4 50. Kh2 Kf2 51. Kh3 Nf6 52. Bc6 f4
53. Kh2 f3 54. Bb5 Ke1 55. Ba6 f2 56. Kg2 Nd5 57. Bb5 Nc3 0-1

[Event "3. Copenhagen Open Politiken Cup"]
[Site "Brndby"]
[Date "1981.??.??"]
[Round "9"]
[White "Kristiansen, Tor"]
[Black "Anbuhl, Edgar"]
[Result "1/2-1/2"]
[WhiteElo "2250"]
[BlackElo "2230"]
[PlyCount "71"]
[EventDate "1981.??.??"]
[EventType "swiss"]
[EventRounds "10"]
[EventCountry "DEN"]
[SourceDate "2004.01.01"]

1. c4 e5 2. Nc3 Nf6 3. Nf3 Nc6 4. g3 Bb4 5. Nd5 e4 6. Nh4 Bc5 7. Bg2 d6 8. O-O
g5 9. d4 Nxd5 10. cxd5 Nxd4 11. b4 Bb6 12. Bb2 Qf6 13. e3 gxh4 14. exd4 Bf5 15.
Qa4+ Kf8 16. Qb5 Re8 17. Qc4 Re7 18. a4 a6 19. a5 Ba7 20. b5 axb5 21. Qxb5 Bc8
22. Qc4 h5 23. Rae1 Qg6 24. Re3 hxg3 25. fxg3 h4 26. Qe2 hxg3 27. hxg3 Qh6 28.
Rxe4 Qh2+ 29. Kf2 Bh3 30. Rg1 Rg8 31. Rxe7 Qxg3+ 32. Kf1 Bxg2+ 33. Rxg2 Qxg2+
34. Qxg2 Rxg2 35. Rxf7+ Kxf7 36. Kxg2 1/2-1/2

[Event "3. Copenhagen Open Politiken Cup"]
[Site "Brndby"]
[Date "1981.??.??"]
[Round "9"]
[White "McCambridge, Vincent"]
[Black "Hoi, Carsten"]
[Result "1-0"]
[WhiteElo "2335"]
[BlackElo "2425"]
[PlyCount "79"]
[EventDate "1981.??.??"]
[EventType "swiss"]
[EventRounds "10"]
[EventCountry "DEN"]
[SourceDate "2004.01.01"]

1. d4 Nf6 2. c4 e6 3. Nc3 d5 4. Nf3 Be7 5. Bg5 O-O 6. e3 h6 7. Bh4 Nbd7 8. Rc1
a6 9. a4 c6 10. Bd3 dxc4 11. Bxc4 Nd5 12. Bg3 N7b6 13. Ba2 Nxc3 14. bxc3 Bd7
15. Rb1 c5 16. a5 Na4 17. Qd2 Bc6 18. c4 Bf6 19. Bb3 cxd4 20. exd4 Bxf3 21.
gxf3 b5 22. axb6 Nxb6 23. c5 Nd5 24. O-O Qd7 25. Rfd1 Rfd8 26. Qa5 Bg5 27. Ba4
Qe7 28. Bc6 Qf6 29. Bxa8 Rxa8 30. Rb3 h5 31. c6 h4 32. c7 hxg3 33. hxg3 Kh7 34.
f4 Bxf4 35. gxf4 Qf5 36. Rdd3 Rc8 37. Rh3+ Kg6 38. Qc5 Kf6 39. Qd6 Nxf4 40.
Qd8+ 1-0

[Event "3. Copenhagen Open Politiken Cup"]
[Site "Brndby"]
[Date "1981.??.??"]
[Round "9"]
[White "Moe, Mogens"]
[Black "Petursson, Margeir"]
[Result "1-0"]
[WhiteElo "2350"]
[BlackElo "2445"]
[PlyCount "107"]
[EventDate "1981.??.??"]
[EventType "swiss"]
[EventRounds "10"]
[EventCountry "DEN"]
[SourceDate "2004.01.01"]

1. e4 c5 2. Nf3 d6 3. d4 cxd4 4. Nxd4 Nf6 5. Nc3 g6 6. Be2 Bg7 7. O-O O-O 8.
Be3 Nc6 9. Nb3 Be6 10. f4 Qc8 11. Kh1 Rd8 12. Bf3 d5 13. e5 Ne4 14. Bxe4 dxe4
15. Qe1 f5 16. exf6 exf6 17. Nxe4 f5 18. Nc3 a5 19. Na4 Nb4 20. Nb6 Qc6 21.
Nxa8 Nxc2 22. Qxa5 Rd3 23. Bc5 Nxa1 24. Rxa1 Bxb2 25. Rg1 h5 26. Qb6 Bd5 27.
Qxc6 Bxc6 28. Rf1 b5 29. Nc7 Kf7 30. Na6 Be4 31. Nb4 Rc3 32. Rf2 Bc1 33. Kg1 g5
34. fxg5 Bxg5 35. Kf1 Rc4 36. Re2 Bf6 37. Re3 Bc3 38. Nd3 Bf6 39. Nf2 Bb1 40.
Re2 f4 41. Bd6 Ra4 42. a3 Rc4 43. Nd2 Rc1+ 44. Re1 Rxe1+ 45. Kxe1 Bf5 46. Nfe4
Bb2 47. Ke2 Ke6 48. Kf3 Bc1 49. Bb4 Ke5 50. Bc3+ Ke6 51. Kxf4 Bxe4 52. Kxe4
Bxa3 53. Be5 Bc5 54. Nb3 1-0